LEADER 01036nam a2200253 u 4500 001 000000057247 003 CaOOAMICUS 005 20070226120548.0 008 010504s1987 it u000 u ita u 035 $a10887233 040 $aPUL(R)$bita 100 1 $aGaluzzi, Alessandro Maria,$cO.M.,$d1941-1997.$0(OLS)http://pul/name/7972 245 10$aAppunti di metodologia /$cAlessandro Galuzzi. 250 $a5. ed. 260 $aRoma :$bLibreria editrice della Pontificia Universitŕ Lateranense,$c1987. 300 $a97 p. ;$c22 cm 504 $aRiferimenti bibliografici all'interno del testo. 650 4$aMetodologia.$0(OLS)http://pul/subject/1971 850 $aPUL 852 $aPUL$W1$xSL Religione 1$y3$m61 B 56$j74926$nBK-PRI$b $qStampati$B74926$CPULBib$Z2$F74926 $H $81 941 1 $a8 961 $aINV: 59239 996 $6245$aAppunti di metodologia$9(OLS)http://pul/title/11642 996 $6260$aRoma :$bLibreria editrice della Pontificia Universitŕ Lateranense$9(OLS)http://pul/publisher/48152 LEADER 01454nam a2200301 a 4500 001 000000156870 003 CaOOAMICUS 005 20161129171458.0 008 161129s1946 sp u000 u spa r 032 $aLibriCat 040 $aPUL$bita 100 1 $aArnaldich, Luis,$cO.F.M.$0(OLS)http://pul/name/25148 245 10$aCarácter Mesiánico del Salmo 16 (Vulg. 15), 10-11 /$cLuis Arnaldich . 260 $aMadrid :$bVerdad y Vida - San Francisco el Grande,$c1946. 300 $a107 p. ;$c24 cm. 502 $aEstratto da Tesi -- Atheneum Antonianum. Facultas Theologica. 1946. 504 $aBibliografia in nota a pič pagina. 630 04$aVulgata.$0(OLS)http://pul/subject/23743 710 2 $aPontificio Ateneo Antoniano.$bFacoltŕ di Teologia.$kTesi.$0(OLS)http://pul/name/99830 850 $aPUL 852 $aPUL$W1$xDP1 Tesi Pon. At. Antonianum$y30$mTH ANT TH31$j180153$qTesi$B183276$CPULBib$Z2$F183276 $H11307 $82 910 $aPontificium Athenaeum Antonianum.$bFacultas Theologiae.$kTesi$999830 910 $aPontificia Universitŕ Antonianum.$bFacoltŕ di teologia.$kTesi$999830 910 $aPontificia Universitŕ Antonianum.$bFacoltŕ di teologia.$kTesi$999830 941 1 $a16 996 $6245$aCarácter Mesiánico del Salmo 16 (Vulg. 15), 10-11$9(OLS)http://pul/title/196468 996 $6260$aMadrid :$bVerdad y Vida - San Francisco el Grande$9(OLS)http://pul/publisher/85679